| 000 | 01258nam a22003014a 4500 | ||
|---|---|---|---|
| 001 | ebr10271798 | ||
| 003 | CaPaEBR | ||
| 006 | m u | ||
| 007 | cr cn||||||||| | ||
| 008 | 070723s2008 nyua sb 001 0 eng | ||
| 010 | _z 2007029404 | ||
| 020 | _z9780814474037 | ||
| 040 |
_aCaPaEBR _cCaPaEBR |
||
| 035 | _a(OCoLC)646790871 | ||
| 043 | _an-us--- | ||
| 050 | 1 | 4 |
_aHD255 _b.B376 2008eb |
| 100 | 1 | _aBarnett, G. William. | |
| 245 | 1 | 0 |
_aAre you dumb enough to be rich? _h[electronic resource] : _bthe amazingly simple way to make millions in real estate / _cG. William Barnett II ; foreword by Robert G. Allen. |
| 250 | _a2nd ed. | ||
| 260 |
_aNew York : _bAMACOM, American Management Association, _cc2008. |
||
| 300 |
_axiii, 299 p. : _bill. |
||
| 504 | _aIncludes bibliographical references (p. 287-289) and index. | ||
| 533 |
_aElectronic reproduction. _bPalo Alto, Calif. : _cebrary, _d2013. _nAvailable via World Wide Web. _nAccess may be limited to ebrary affiliated libraries. |
||
| 650 | 0 |
_aReal estate investment _zUnited States. |
|
| 655 | 7 |
_aElectronic books. _2local |
|
| 710 | 2 | _aebrary, Inc. | |
| 856 | 4 | 0 |
_uhttp://site.ebrary.com/lib/rucke/Doc?id=10271798 _zAn electronic book accessible through the World Wide Web; click to view |
| 999 |
_c8548 _d8548 |
||